| 000 | 00955nas a2200313 4500 | ||
|---|---|---|---|
| 001 | BR2013002881 | ||
| 003 | BR-BrBNA | ||
| 005 | 20231205122319.0 | ||
| 007 | ta | ||
| 008 | 230509b bl.|||p| |||| 00| 00por d | ||
| 040 |
_aBR-BrBNA _bpor _cBiblioteca Nacional de Agricultura |
||
| 041 | _a(Pt) | ||
| 072 | _aF60 | ||
| 100 | 1 | _aPivetta, C.R. | |
| 100 | 1 | _aHeldwein, A.B. | |
| 100 | 1 | _aTazzo, I.F. | |
| 100 | 1 | _aMaldaner, I.C. | |
| 100 | 1 | _aDalbianco, L. | |
| 100 | 1 | _aStreck, N.A. | |
| 100 | 1 | _aMachado, R.M.A. | |
| 245 | 1 | _aEvapotranspiração máxima do tomateiro sob estufa plástica em função de variáveis fenométricas e meteorológicas | |
| 650 | _aTOMATE | ||
| 650 | _aEVAPOTRANSPIRAÇÃO | ||
| 650 | _aESTUFA PLÁSTICA | ||
| 650 | _aCULTIVO PROTEGIDO | ||
| 773 | 0 |
_tBragantia (Brazil) _xISSN 0006-8705 _g(jul-sep 2011), v. 70(3) p. 707-714 _wBR2013002881 |
|
| 909 |
_a202311 _bLúcia _c55 _dLúcia Elande |
||
| 942 |
_2AGRIS _n0 _cANA |
||
| 999 |
_c228009 _d228009 |
||